| 000 | 00000nam##2200000za#4500 |
| 001 | 9.654661 |
| 003 | CaOODSP |
| 005 | 20200330130953 |
| 007 | ta |
| 008 | 150407|1990||||xxc||||| f|0| 0 eng|d |
| 020 | |a0-662-57888-0 |
| 040 | |aCaOODSP|beng |
| 041 | |aeng |
| 041 | |afre |
| 043 | |an-cn--- |
| 086 | 1 |aH42-2/43-1990 |
| 110 | 1 |aCanada.|bHealth and Welfare Canada. |bHealth Protection Branch. |
| 245 | 10|aAttitudes, perceptions and behaviour relating to ethical medicines : |ba research report to the Department of National Health and Welfare / |cPrepared by Decima Research. Issued by Drugs Directorate. |
| 260 | |aOttawa - Ontario : |bHealth and Welfare Canada. |c1990. |
| 300 | |aEnglish text, 49p. : |btables ; |c28 cm. |
| 546 | |aBilingual |
| 563 | |aSoftcover |
| 690 | 07|aDrugs|2gcpds |
| 690 | 07|aEthics|2gcpds |
| 776 | 0#|tAttitudes, perceptions et comportements liés à la consommation de médicaments d'ordonnance : |w(CaOODSP)9.639908 |
| 776 | 0#|tAttitudes, perceptions and behaviour relating to ethical medicines : |w(CaOODSP)9.695816 |
| 792 | |tAttitudes, perceptions et comportements liés à la consommation de médicaments d'ordonnance : |efre|w(CaOODSP)9.654662 |
| 986 | |aDD-90-13 |